| 000 | 00439nam a2200157Ia 4500 | ||
|---|---|---|---|
| 008 | 220803s9999 xx 000 0 und d | ||
| 020 | _a9780415897891 | ||
| 041 | _aeng | ||
| 082 | _a712 COH | ||
| 100 |
_aCohen P S Ed. _925595 |
||
| 245 | _aReturn Of Nature : Sustaining Architecture In The Face Of Sustainability | ||
| 260 |
_aNew York _bRoutledge _c2014 |
||
| 300 | _a232p | ||
| 500 | _aARCHI | ||
| 650 |
_aLandscape Architecture _925596 |
||
| 999 |
_c16371 _d16371 |
||